| 000 | 00683nam a2200193Ia 4500 | ||
|---|---|---|---|
| 003 | GCL | ||
| 008 | 140319s9999 xx 000 0 ara d | ||
| 040 |
_aGCL / _cGCL |
||
| 082 | 0 | 4 |
_a729 _bح أ |
| 100 | 1 | _aمجدى محمد موسى | |
| 245 | 1 | 0 |
_aالاسس التشكيلية للتصميم فى البعدين وثلاثة الابعاد للسطوح والاجسام / _cمجدى محمد موسى |
| 700 | 1 | _aحشن الششتاوى حسن | |
| 260 |
_aالرياض : _bجامعة الملك سعود ، _c1988 |
||
| 300 | _a185 ص | ||
| 650 | 0 | 4 | _aالعمارة |
| 650 | 0 | 4 | _aالزخرفة المعمارية |
| 650 | 0 | 4 | _aهندسة التصميم |
| 942 |
_2ddc _cBK |
||
| 999 |
_c42464 _d42464 |
||